| 000 | 00936nas a2200289 4500 | ||
|---|---|---|---|
| 001 | BR2011003396 | ||
| 003 | BR-BrBNA | ||
| 005 | 20231205115019.0 | ||
| 007 | ta | ||
| 008 | 230509b bl.|||p| |||| 00| 00por d | ||
| 040 |
_aBR-BrBNA _bpor _cBiblioteca Nacional de Agricultura |
||
| 041 | _a(Pt) | ||
| 072 | _aM12 | ||
| 100 | 1 | _aSouza, J.H. de | |
| 100 | 1 | _aFracalossi, D.M. | |
| 100 | 1 | _aGarcia, A.S. | |
| 100 | 1 | _aRibeiro, F.F. | |
| 100 | 1 | _aTsuzuki, M.Y. | |
| 245 | 1 | _aDesempenho zootécnico e econômico de juvenis de robalo-peva alimentados com dietas contendo diferentes concentrações proteicas | |
| 650 | _aROBALO | ||
| 650 | _aANÁLISE ECONÔMICA | ||
| 650 | _aCUSTO DE PRODUÇÃO | ||
| 650 | _aEXIGÊNCIA NUTRICIONAL | ||
| 773 | 0 |
_tPesquisa Agropecuária Brasileira (Brazil) _xISSN 0100-204X _g(Feb 2011), v. 46(2) p. 190-195 _wBR2011003396 |
|
| 909 |
_a202311 _bLúcia _c55 _dLúcia Elande |
||
| 942 |
_2AGRIS _n0 _cANA |
||
| 999 |
_c211660 _d211660 |
||